Tamil letters - Statistics

General Stats
  • This quiz has been taken 23 times
  • The average score is 12 of 13
Answer Stats
Hint Answer % Correct
A
100%
Aa
100%
E
100%
Ee
100%
U
100%
Oo
100%
Á
100%
Áá
100%
I
100%
O
100%
Ō
100%
Ow
93%
C
53%
No matching quizzes found
Score Distribution
Percent of People with Each Score
Percentile by Number Answered
Your Score History
You have not taken this quiz